Statistics for Painting to Artist - Picture Multiple Choice

Click here to take the quiz!

General Stats

  • This quiz has been taken 638 times
  • The average score is 9 of 12

Answer Stats

QuestionAnswer% Correct
Which painting is made by Edvard Munch?
96%
Which painting is made by Vincent van Gogh?
92%
Which painting is made by Claude Monet?
91%
Which painting is made by Gustav Klimt?
90%
Which painting is made by Piet Mondriaan?
84%
Which painting is made by Johannes Vermeer?
73%
Which painting is made by William Turner?
73%
Which painting is made by Rembrandt?
72%
Which painting is made by Edward Hopper?
71%
Which painting is made by Diego Velázquez?
60%
Which painting is made by Leonardo da Vinci?
56%
Which painting is made by Édouard Manet?
53%

Score Distribution

Percentile by Number Answered

Percent of People with Each Score

Your Score History

You have not taken this quiz